Managing through organisation : the management process, form of organisation, and the work of managers /
Сохранить в:
| Главный автор: | |
|---|---|
| Формат: | |
| Опубликовано: |
London ; New York :
Routledge,
1993.
|
| Предметы: | |
| Метки: |
Добавить метку
Нет меток, Требуется 1-ая метка записи!
|
MARC
| LEADER | 00000pam a2200000 a 4500 | ||
|---|---|---|---|
| 020 | |a 0415010039 |c TZs 47,151/= | ||
| 040 | |a MUL |b eng. |e AACR | ||
| 082 | 0 | 0 | |a 658.1 |
| 100 | 1 | |a Hales, Colin. | |
| 245 | 1 | 0 | |a Managing through organisation : |b the management process, form of organisation, and the work of managers / |c Colin Hales. |
| 260 | |a London ; |a New York : |b Routledge, |c 1993. | ||
| 300 | |a xxi, 279 p. : |b ill. ; |c 23 cm. | ||
| 504 | |a Includes bibliographical references (p. [243]-266) and index. | ||
| 546 | |a eng. | ||
| 650 | 0 | |a Organizational effectiveness. | |
| 650 | 0 | |a Organizational behavior. | |
| 942 | |c BK | ||
| 999 | |c 4408 |d 4408 | ||